<?xml version="1.0" encoding="UTF-8"?>
<record
    xmlns:xsi="http://www.w3.org/2001/XMLSchema-instance"
    xsi:schemaLocation="http://www.loc.gov/MARC21/slim http://www.loc.gov/standards/marcxml/schema/MARC21slim.xsd"
    xmlns="http://www.loc.gov/MARC21/slim">

  <leader>00805nab a2200217uuc4500</leader>
  <controlfield tag="001">1023383</controlfield>
  <controlfield tag="005">20240202081852.0</controlfield>
  <controlfield tag="008">070410e20061201                    spa  </controlfield>
  <datafield tag="035" ind1=" " ind2=" ">
    <subfield code="a">1023383</subfield>
  </datafield>
  <datafield tag="035" ind1=" " ind2=" ">
    <subfield code="a">(OCoLC)820154424</subfield>
  </datafield>
  <datafield tag="040" ind1=" " ind2=" ">
    <subfield code="c">comduadb</subfield>
  </datafield>
  <datafield tag="041" ind1=" " ind2=" ">
    <subfield code="a">spa</subfield>
  </datafield>
  <datafield tag="100" ind1="1" ind2="0">
    <subfield code="a">Quijano Restrepo, Marcela</subfield>
    <subfield code="4">aut</subfield>
    <subfield code="e">aut</subfield>
    <subfield code="9">436463</subfield>
  </datafield>
  <datafield tag="245" ind1="1" ind2="0">
    <subfield code="a">Inclusion de la cienaga de Ayapel en la lista de humedales de importancia internacional Ramsar</subfield>
  </datafield>
  <datafield tag="650" ind1=" " ind2="7">
    <subfield code="a">Humedales</subfield>
    <subfield code="2">lemb</subfield>
    <subfield code="9">59037</subfield>
  </datafield>
  <datafield tag="650" ind1=" " ind2=" ">
    <subfield code="a">Convenci&#xF3;n Ramsar</subfield>
    <subfield code="9">153689</subfield>
  </datafield>
  <datafield tag="650" ind1=" " ind2=" ">
    <subfield code="a">Ci&#xE9;naga de Ayapel - C&#xF3;rdoba (Colombia)</subfield>
    <subfield code="9">26112</subfield>
  </datafield>
  <datafield tag="650" ind1=" " ind2=" ">
    <subfield code="a">Protecci&#xF3;n y conservaci&#xF3;n del medio ambiente</subfield>
    <subfield code="9">24520</subfield>
  </datafield>
  <datafield tag="773" ind1="0" ind2=" ">
    <subfield code="t">Estudios de Derecho (Medell&#xED;n)</subfield>
    <subfield code="g">Volumen 063, N&#xFA;mero 142, Diciembre 2006, p. 117-134</subfield>
    <subfield code="w">312888</subfield>
    <subfield code="x">0120-1867</subfield>
    <subfield code="0">106474</subfield>
  </datafield>
  <datafield tag="942" ind1=" " ind2=" ">
    <subfield code="c">ARIMP</subfield>
  </datafield>
  <datafield tag="999" ind1=" " ind2=" ">
    <subfield code="c">416669</subfield>
    <subfield code="d">416669</subfield>
  </datafield>
</record>
